000 00726nam a2200217Ii 4500
003 JO-AjNU
008 230605s9999||||xx |||||||||||||| ||und||
017 _a1997/3/386
040 _aJO-AjNU
_bara
_erda
_cJO-AjNU
041 _aara
050 1 4 _aBP75.5 1997
100 3 _aالزين، نبيل عبد القادر,
_eauthor
_919222
245 0 0 _aرجال حول النبي صلى الله عليه وسلم
250 _aط1
264 3 1 _aعمان: دار اسامة للنشر والتوزيع، 1997
300 _a112ص
336 _atext
_btxt
_2rdacontent
337 _aunmediated
_bn
_2rdamedia
338 _avolume
_bnc
_2rdacarrier
650 4 _aالصحابة والتابعون- السيرة النبوية
_919223
999 _aA6298
_c9866
_d9866